|
|
|
|
| LEADER |
01050nam a22003134a 4500 |
| 001 |
16641592 |
| 005 |
20130819153343.0 |
| 008 |
130819s2012 nyua b 001 0 eng |
| 010 |
|
|
|a 2011005534
|
| 020 |
|
|
|a 9780071086608
|
| 020 |
|
|
|a 9780078029080 (alk. paper)
|
| 020 |
|
|
|a 0071086609
|
| 040 |
|
|
|a DLC
|c DLC
|d BD-DhAAL
|
| 050 |
0 |
0 |
|a BF637.L4
|b M26 2012
|
| 082 |
0 |
0 |
|a 658.4/092
|2 22
|
| 999 |
|
|
|c 13864
|d 13864
|
| 999 |
|
|
|c 13864
|
| 100 |
1 |
|
|a Manning, George,
|d 1943-
|9 2698
|
| 245 |
1 |
4 |
|a The art of leadership /
|c George Manning, Kent Curtis.
|
| 250 |
|
|
|a 4th ed.
|
| 260 |
|
|
|a New York :
|b McGraw-Hill,
|c c2012.
|
| 300 |
|
|
|a xxi, 503 p. :
|b col. ill. ;
|c 28 cm.
|
| 504 |
|
|
|a Includes bibliographical references and index.
|
| 541 |
|
|
|e 27306
|
| 650 |
|
0 |
|a Leadership.
|9 2699
|
| 650 |
|
0 |
|a Management.
|9 2700
|
| 700 |
1 |
|
|a Curtis, Kent,
|d 1939-
|9 2701
|
| 942 |
|
|
|2 ddc
|c BK
|
| 952 |
|
|
|0 0
|1 0
|2 ddc
|4 0
|6 658_409200000000000_MAN
|7 0
|9 23195
|a IGS
|b IGS
|c GEN
|d 2013-08-19
|e Karim International
|g 1860.00
|l 0
|o 658.4092 MAN
|p 3010027306
|r 2013-08-19
|t 1
|w 2013-08-19
|y BK
|